[Event "18.Open Seefeld"]
[Site "Seefeld / Oesterreich"]
[Date "2007.09.03"]
[Round "3"]
[White "Storkebaum, Karl-Heinrich"]
[Black "Bretscher, Robert"]
[Result "1/2-1/2"]
[WhiteElo "2038"]
[BlackElo "1656"]
[PlyCount "60"]
[EventDate "2007.09.01"]
[EventType "swiss"]
[EventRounds "9"]
[EventCountry "AUT"]

1. d4 Nf6 2. c4 e5 3. dxe5 Ng4 4. Nf3 Bc5 5. e3 Nc6 6. Be2 Ngxe5 7. Nc3 Nxf3+
8. Bxf3 Ne5 9. Be2 d6 10. Na4 Bb4+ 11. Bd2 Bxd2+ 12. Qxd2 Qg5 13. g3 Bh3 14. f4
Qh6 15. fxe5 Bg2 16. O-O-O Bxh1 17. Rxh1 dxe5 18. e4 Qc6 19. Nc3 O-O 20. Rd1
Qc5 21. Kc2 c6 22. a3 Qa5 23. Qe3 Rfd8 24. Rxd8+ Qxd8 25. h4 b6 26. h5 h6 27.
Qd2 Qe7 28. Nd1 Rd8 29. Qe3 Rd4 30. Bd3 a6 1/2-1/2

[Event "18.Open Seefeld"]
[Site "Seefeld / Oesterreich"]
[Date "2007.09.03"]
[Round "3"]
[White "Eiter, Meinhard"]
[Black "Mertens, Klaus"]
[Result "0-1"]
[WhiteElo "1845"]
[BlackElo "2090"]
[PlyCount "136"]
[EventDate "2007.09.01"]
[EventType "swiss"]
[EventRounds "9"]
[EventCountry "AUT"]

1. d4 Nf6 2. Nc3 b6 3. e4 Bb7 4. Bd3 d6 5. f4 c5 6. d5 g6 7. Nf3 Bg7 8. h3 a6
9. a4 O-O 10. O-O Nbd7 11. Be3 Qc7 12. Bc4 Rfe8 13. Qd2 Rf8 14. g4 Bc8 15. Rf2
Qb8 16. Raf1 b5 17. axb5 axb5 18. Bxb5 Nxe4 19. Nxe4 Qxb5 20. b3 Ra3 21. f5 Ba6
22. Bh6 Qb4 23. Qxb4 cxb4 24. Bxg7 Kxg7 25. Re1 Nb6 26. Rd2 Ra5 27. Rd4 Nxd5
28. Ng3 Rc8 29. Rd2 Rc7 30. Re4 Bb7 31. Ne1 Rac5 32. Kf2 Rc3 33. Red4 R3c5 34.
h4 Rb5 35. Nd3 Rc8 36. h5 g5 37. Ne4 h6 38. f6+ Nxf6 39. Nxf6 Kxf6 40. Nxb4 Rc3
41. Ke1 Rf3 42. Nd3 Rb6 43. Nf2 Rf4 44. R4d3 d5 45. Rg3 Ra6 46. Rd1 Re6+ 47.
Kf1 Ba6+ 48. Kg1 Re2 49. Nh3 Rfe4 50. Rf3+ Ke6 51. Nf2 R4e3 52. Rxe3+ Rxe3 53.
Ra1 Bb7 54. Ra7 Bc6 55. Ra6 Kd7 56. b4 f6 57. Ra5 Rc3 58. b5 Bb7 59. Ra7 Kc7
60. Ra2 Kb6 61. Rb2 Rc5 62. Rb3 d4 63. Rd3 e5 64. Rd2 Kxb5 65. Nd3 Rc3 66. Rf2
Rc6 67. Nxe5 fxe5 68. Rf5 Re6 0-1

[Event "18.Open Seefeld"]
[Site "Seefeld / Oesterreich"]
[Date "2007.09.03"]
[Round "3"]
[White "Kugelmann, Werner"]
[Black "Gatterer, Matthias"]
[Result "1/2-1/2"]
[WhiteElo "2202"]
[BlackElo "1973"]
[PlyCount "116"]
[EventDate "2007.09.01"]
[EventType "swiss"]
[EventRounds "9"]
[EventCountry "AUT"]

1. e4 e6 2. d4 d5 3. Nd2 c5 4. exd5 Qxd5 5. Ngf3 cxd4 6. Bc4 Qd6 7. O-O Nf6 8.
Nb3 Nc6 9. Nbxd4 Nxd4 10. Nxd4 a6 11. c3 Qc7 12. Bb3 Bd6 13. h3 O-O 14. Bg5 Bf4
15. Bxf6 gxf6 16. Bc2 Kh8 17. Qh5 f5 18. Ne2 Bd6 19. Rad1 Rg8 20. Rd4 Be5 21.
Rg4 Rg6 22. Rxg6 fxg6 23. Qh4 Bd7 24. Bb3 Re8 25. Rd1 Kg7 26. f4 Bf6 27. Qf2 e5
28. fxe5 Bxe5 29. Kh1 Be6 30. Bxe6 Rxe6 31. Qe3 Qe7 32. Nd4 Bxd4 33. Qxd4+ Kf7
34. Qh8 Re1+ 35. Rxe1 Qxe1+ 36. Kh2 Qh4 37. Qb8 Qe4 38. Qc7+ Kg8 39. Qb8+ Kg7
40. Qc7+ Kg8 41. a4 f4 42. Qd8+ Kg7 43. Qd1 g5 44. b4 Kg6 45. Qd6+ Kg7 46. Qc7+
Kg6 47. Qb6+ Kg7 48. Qc5 Kg6 49. Qd6+ Kg7 50. Qd1 Kg6 51. b5 axb5 52. axb5 h5
53. Qd6+ Kg7 54. Qc5 Kg6 55. Qd6+ Kg7 56. Qd7+ Kg6 57. c4 f3 58. gxf3 Qxf3
1/2-1/2

[Event "18.Open Seefeld"]
[Site "Seefeld / Oesterreich"]
[Date "2007.09.03"]
[Round "3"]
[White "Wiesbeck, Florian"]
[Black "Natter, Siegfried"]
[Result "0-1"]
[WhiteElo "1990"]
[BlackElo "2233"]
[PlyCount "32"]
[EventDate "2007.09.01"]
[EventType "swiss"]
[EventRounds "9"]
[EventCountry "AUT"]

1. d4 Nf6 2. c4 e6 3. Nf3 d5 4. Nc3 Be7 5. e3 c5 6. dxc5 Bxc5 7. Be2 O-O 8. O-O
Nc6 9. cxd5 exd5 10. a3 a6 11. Qc2 Bd6 12. Rd1 Be6 13. e4 d4 14. Nd5 Nxe4 15.
Nxd4 Bxd5 16. Nxc6 bxc6 0-1

[Event "18.Open Seefeld"]
[Site "Seefeld / Oesterreich"]
[Date "2007.09.03"]
[Round "3"]
[White "Babinetz, Rainer"]
[Black "Schett, Franz"]
[Result "0-1"]
[WhiteElo "2139"]
[BlackElo "1994"]
[PlyCount "64"]
[EventDate "2007.09.01"]
[EventType "swiss"]
[EventRounds "9"]
[EventCountry "AUT"]

1. d4 d5 2. c4 c6 3. Nc3 Nf6 4. Nf3 g6 5. e3 Bg7 6. b3 O-O 7. Ba3 Re8 8. Rc1 a6
9. Be2 Ne4 10. O-O Nxc3 11. Rxc3 Bg4 12. h3 Bxf3 13. Bxf3 e5 14. dxe5 dxc4 15.
Rxc4 Bxe5 16. Qc2 Qf6 17. Rd1 a5 18. Qe2 Na6 19. Rd7 Nc7 20. Rc2 Rad8 21. Rcd2
Rxd7 22. Rxd7 Rb8 23. Bg4 Nd5 24. f4 Bc7 25. Bb2 Qh4 26. Kh2 Re8 27. g3 Bxf4
28. gxf4 Rxe3 29. Qd2 Qg3+ 30. Kh1 Re1+ 31. Qxe1 Qxe1+ 32. Kh2 Qd2+ 0-1

[Event "18.Open Seefeld"]
[Site "Seefeld / Oesterreich"]
[Date "2007.09.03"]
[Round "3"]
[White "Niebergall, Gerhard"]
[Black "Plock, Christian"]
[Result "0-1"]
[WhiteElo "2136"]
[BlackElo "1986"]
[PlyCount "76"]
[EventDate "2007.09.01"]
[EventType "swiss"]
[EventRounds "9"]
[EventCountry "AUT"]

1. e4 e5 2. Nf3 Nc6 3. d4 d6 4. Bc4 Be7 5. d5 Nb8 6. Bb5+ Bd7 7. Bxd7+ Nxd7 8.
c4 Ngf6 9. Nc3 O-O 10. O-O h6 11. Ne1 Nh7 12. Nd3 Bg5 13. b4 f5 14. f4 exf4 15.
Bxf4 Bf6 16. Bd2 Bd4+ 17. Kh1 fxe4 18. Nf4 Qe7 19. Ne6 Rxf1+ 20. Qxf1 Be5 21.
Rc1 Ndf8 22. Qe2 Nxe6 23. dxe6 Bxc3 24. Rxc3 Qxe6 25. Rg3 Rf8 26. h3 g5 27. h4
Rf5 28. Qh5 Kf8 29. hxg5 Nxg5 30. Bxg5 Rxg5 31. Rxg5 hxg5 32. Qh8+ Ke7 33. Qg7+
Ke8 34. Qxc7 e3 35. Qb8+ Kf7 36. Qxb7+ Kg6 37. Qf3 e2 38. Qd3+ Kh6 0-1

[Event "18.Open Seefeld"]
[Site "Seefeld / Oesterreich"]
[Date "2007.09.03"]
[Round "3"]
[White "Rahn, Oskar"]
[Black "Schultheisz, Egon"]
[Result "1-0"]
[WhiteElo "2122"]
[BlackElo "1980"]
[PlyCount "53"]
[EventDate "2007.09.01"]
[EventType "swiss"]
[EventRounds "9"]
[EventCountry "AUT"]

1. e4 e5 2. Nf3 Nc6 3. d4 exd4 4. Nxd4 Nxd4 5. Qxd4 Qf6 6. Be3 Qxd4 7. Bxd4 b6
8. Nc3 c6 9. g3 f6 10. O-O-O Bb7 11. Bg2 O-O-O 12. f4 Nh6 13. Rhe1 Nf7 14. a3
Bd6 15. e5 fxe5 16. fxe5 Be7 17. e6 dxe6 18. Rxe6 Bg5+ 19. Kb1 Rhg8 20. h4 Bf6
21. Bxf6 Rxd1+ 22. Nxd1 gxf6 23. Bxc6 Bxc6 24. Rxc6+ Kd7 25. Rxf6 Nd6 26. Nf2
Rxg3 27. Rxd6+ 1-0

[Event "18.Open Seefeld"]
[Site "Seefeld / Oesterreich"]
[Date "2007.09.03"]
[Round "3"]
[White "Maurer, Rainer"]
[Black "Becker, Joerg"]
[Result "1-0"]
[WhiteElo "2117"]
[BlackElo "1952"]
[PlyCount "33"]
[EventDate "2007.09.01"]
[EventType "swiss"]
[EventRounds "9"]
[EventCountry "AUT"]

1. d4 Nf6 2. c4 e6 3. Nf3 b6 4. g3 Bb7 5. Bg2 Be7 6. O-O O-O 7. Nc3 d5 8. Qd3
Nbd7 9. Rd1 Ne4 10. Nd2 Nxc3 11. bxc3 Nf6 12. cxd5 exd5 13. c4 c5 14. dxc5 bxc5
15. cxd5 Bxd5 16. e4 Bxe4 17. Nxe4 1-0

[Event "18.Open Seefeld"]
[Site "Seefeld / Oesterreich"]
[Date "2007.09.03"]
[Round "3"]
[White "Werner, Bernd"]
[Black "Kammers, Heribert"]
[Result "0-1"]
[WhiteElo "1975"]
[BlackElo "2104"]
[PlyCount "57"]
[EventDate "2007.09.01"]
[EventType "swiss"]
[EventRounds "9"]
[EventCountry "AUT"]

1. e4 e6 2. d4 d5 3. e5 c5 4. c3 Qb6 5. Nf3 Bd7 6. Bd3 Bb5 7. O-O Bxd3 8. Qxd3
Qa6 9. Qxa6 Nxa6 10. Be3 b6 11. Nbd2 Ne7 12. Rfe1 Nc6 13. a3 c4 14. b3 cxb3 15.
Nxb3 Be7 16. Nfd2 O-O 17. c4 dxc4 18. Nxc4 Rac8 19. Ncd2 Nc7 20. Ne4 h6 21. a4
Nd5 22. a5 Nxa5 23. Nxa5 bxa5 24. Bd2 Bb4 25. Bxb4 axb4 26. Rxa7 Rc2 27. Rb7
Rc4 28. Rd1 Ra8 29. Rxf7 0-1

[Event "18.Open Seefeld"]
[Site "Seefeld / Oesterreich"]
[Date "2007.09.03"]
[Round "3"]
[White "Schumacher, Helmut"]
[Black "Borries, Barbara"]
[Result "1/2-1/2"]
[WhiteElo "2103"]
[BlackElo "1947"]
[PlyCount "89"]
[EventDate "2007.09.01"]
[EventType "swiss"]
[EventRounds "9"]
[EventCountry "AUT"]

1. d4 Nf6 2. Nc3 g6 3. e4 d6 4. Nge2 Bg7 5. g3 O-O 6. Bg2 e5 7. h3 Nc6 8. Be3
Re8 9. O-O Qd7 10. Re1 b6 11. d5 Ne7 12. Qd2 Ba6 13. a4 c5 14. dxc6 Nxc6 15.
Rad1 Red8 16. Bg5 Bc4 17. Kh2 Rac8 18. b3 Bxe2 19. Nxe2 Na5 20. Qd3 h6 21. Bxf6
Bxf6 22. c4 Nc6 23. Qf3 Bg7 24. h4 Qe7 25. Bh3 Rc7 26. Nc3 Nb4 27. Re2 Rc5 28.
h5 Bf8 29. hxg6 fxg6 30. Qg4 Kg7 31. Red2 Qf6 32. Kg2 a6 33. Qf3 Qxf3+ 34. Kxf3
Kf6 35. Ke3 Be7 36. Rf1 Kg7 37. f4 exf4+ 38. gxf4 g5 39. Rg2 Kh8 40. Nd5 Nxd5+
41. exd5 gxf4+ 42. Kxf4 Rf8+ 43. Bf5 Bg5+ 44. Ke4 Rc7 45. Rh1 1/2-1/2

[Event "18.Open Seefeld"]
[Site "Seefeld / Oesterreich"]
[Date "2007.09.03"]
[Round "3"]
[White "Gheri, Harald"]
[Black "Mueller, Helmut"]
[Result "1-0"]
[WhiteElo "1955"]
[BlackElo "2077"]
[PlyCount "135"]
[EventDate "2007.09.01"]
[EventType "swiss"]
[EventRounds "9"]
[EventCountry "AUT"]

1. d4 d5 2. Bf4 Bf5 3. Nf3 Nf6 4. c3 Nbd7 5. Nbd2 c6 6. e3 h6 7. h3 e6 8. Ne5
Be7 9. Ndf3 O-O 10. Bd3 Bxd3 11. Qxd3 c5 12. Bh2 c4 13. Qc2 Ne4 14. O-O Ndf6
15. Nd2 Qc8 16. f3 Nxd2 17. Qxd2 b5 18. Rae1 a5 19. e4 Qb7 20. exd5 Qxd5 21.
Qe2 Ra6 22. Ng4 Nh5 23. Qe5 Bd6 24. Qxd5 exd5 25. Bxd6 Rxd6 26. Re7 b4 27. Rfe1
Nf4 28. Rb7 bxc3 29. bxc3 Re6 30. Rxe6 fxe6 31. Kf1 Ra8 32. Ne5 a4 33. a3 h5
34. h4 Rf8 35. Kf2 Rc8 36. Nd7 Nd3+ 37. Ke3 Ne1 38. Kf2 Nd3+ 39. Ke3 Kh7 40. g4
hxg4 41. fxg4 Ne1 42. Kf4 Nd3+ 43. Ke3 Kh6 44. Rb6 Re8 45. Ne5 Ne1 46. Nf7+ Kh7
47. Ng5+ Kg8 48. Rxe6 Ra8 49. Kd2 Nd3 50. Rb6 Nf2 51. Rb7 Re8 52. Rd7 Ne4+ 53.
Nxe4 Rxe4 54. Rxd5 Rxg4 55. Ra5 Rxh4 56. Rxa4 Rh2+ 57. Ke1 Ra2 58. Rxc4 Rxa3
59. Kf2 Kf7 60. Rc5 g5 61. Kg3 Kf6 62. Kg4 Ra1 63. Rc6+ Ke7 64. Kxg5 Rg1+ 65.
Kf4 Kd7 66. d5 Rf1+ 67. Ke5 Re1+ 68. Kd4 1-0

[Event "18.Open Seefeld"]
[Site "Seefeld / Oesterreich"]
[Date "2007.09.03"]
[Round "3"]
[White "Stock, Juergen"]
[Black "Strasser, Josef"]
[Result "1/2-1/2"]
[WhiteElo "2074"]
[BlackElo "1913"]
[PlyCount "108"]
[EventDate "2007.09.01"]
[EventType "swiss"]
[EventRounds "9"]
[EventCountry "AUT"]

1. d4 d5 2. c3 Bf5 3. Bg5 Nd7 4. f4 Ngf6 5. e3 h6 6. Bh4 e6 7. Nf3 Be7 8. Be2
c6 9. Nbd2 Ng4 10. Bxe7 Qxe7 11. Nf1 c5 12. Bb5 O-O 13. Bxd7 Qxd7 14. dxc5 Qb5
15. b4 a5 16. a4 Qc4 17. Qd4 Qb3 18. N1d2 Qb2 19. O-O axb4 20. cxb4 Qxd4 21.
Nxd4 Nxe3 22. Rfc1 f6 23. N2f3 g5 24. fxg5 hxg5 25. Rc3 Nc4 26. Nxf5 exf5 27.
Nd4 f4 28. c6 bxc6 29. Nxc6 Rfe8 30. b5 Na5 31. b6 Nxc6 32. Rxc6 d4 33. Rd6
Reb8 34. a5 d3 35. a6 d2 36. b7 Rxb7 37. Rxd2 Rba7 38. Rd6 Kf7 39. Kf2 Re8 40.
Rb6 g4 41. Rb7+ Re7 42. Rxa7 Rxa7 43. h3 f5 44. Ra4 Kg6 45. Ra5 Kf6 46. Ke2 Kg6
47. h4 Kh5 48. Rxf5+ Kxh4 49. Ra5 Kg3 50. Kf1 f3 51. Ra3 Kf4 52. gxf3 gxf3 53.
Kf2 Ke4 54. Ra4+ Kd5 1/2-1/2

[Event "18.Open Seefeld"]
[Site "Seefeld / Oesterreich"]
[Date "2007.09.03"]
[Round "3"]
[White "Schmidt, Wolfgang"]
[Black "Auf'm Wasser, Günter"]
[Result "1/2-1/2"]
[WhiteElo "2071"]
[BlackElo "1867"]
[PlyCount "38"]
[EventDate "2007.09.01"]
[EventType "swiss"]
[EventRounds "9"]
[EventCountry "AUT"]

1. e4 e5 2. Bc4 Nf6 3. d4 d5 4. exd5 exd4 5. Qxd4 b6 6. Nf3 Bc5 7. Qd3 O-O 8.
O-O a5 9. b3 g6 10. Nc3 Bf5 11. Qd1 Nbd7 12. h3 Re8 13. Bd3 Ne4 14. Nxe4 Bxe4
15. Bxe4 Rxe4 16. Qd3 f5 17. Bb2 Bd6 18. Qc3 Ne5 19. a3 Qf6 1/2-1/2

[Event "18.Open Seefeld"]
[Site "Seefeld / Oesterreich"]
[Date "2007.09.03"]
[Round "3"]
[White "Shahin, Walid"]
[Black "Egger, Herbert"]
[Result "1-0"]
[WhiteElo "2068"]
[BlackElo "1839"]
[PlyCount "103"]
[EventDate "2007.09.01"]
[EventType "swiss"]
[EventRounds "9"]
[EventCountry "AUT"]

1. d4 d5 2. Nf3 Nf6 3. c4 c6 4. e3 Bg4 5. Nc3 e6 6. Be2 Be7 7. O-O O-O 8. b3
Nbd7 9. Bb2 a6 10. Ne5 Bxe2 11. Qxe2 Bd6 12. f4 Ne8 13. e4 dxe4 14. Nxe4 Ndf6
15. Nxd6 Nxd6 16. Rad1 Nde4 17. Rfe1 Qa5 18. Qc2 Nd6 19. Bc3 Qc7 20. Re3 Nf5
21. Rh3 h6 22. g4 Nxg4 23. Nxg4 Qxf4 24. Qe2 Nd6 25. Rf1 Qe4 26. Qxe4 Nxe4 27.
Bb2 f5 28. Nf2 Ng5 29. Rd3 Rad8 30. Bc1 Rxd4 31. Bxg5 Rxd3 32. Nxd3 hxg5 33.
Rd1 Rd8 34. Nf2 Rxd1+ 35. Nxd1 e5 36. Ne3 f4 37. Nf5 Kf8 38. c5 e4 39. Nd6 e3
40. h3 f3 41. Nc4 e2 42. Kf2 Ke7 43. Nd2 Kf6 44. Nxf3 Kf5 45. Kxe2 g4 46. hxg4+
Kxg4 47. Ke3 Kf5 48. Kd4 Kf4 49. Ne5 g5 50. b4 g4 51. Nxg4 Kxg4 52. Ke5 1-0

[Event "18.Open Seefeld"]
[Site "Seefeld / Oesterreich"]
[Date "2007.09.03"]
[Round "3"]
[White "Kesik, Marco"]
[Black "Schwammberger, Eugen"]
[Result "1-0"]
[WhiteElo "1954"]
[BlackElo "2066"]
[PlyCount "71"]
[EventDate "2007.09.01"]
[EventType "swiss"]
[EventRounds "9"]
[EventCountry "AUT"]

1. d4 c5 2. d5 e5 3. e4 d6 4. c4 g6 5. f4 Bg7 6. Qc2 f5 7. Bd3 Ne7 8. Ne2 O-O
9. O-O fxe4 10. Bxe4 Nf5 11. Nbc3 Nd4 12. Nxd4 exd4 13. Ne2 Nd7 14. Ng3 Nf6 15.
Bd3 Ng4 16. h3 Nh6 17. f5 Qh4 18. Ne4 Rxf5 19. Rxf5 Bxf5 20. Bg5 Qh5 21. h4
Bxe4 22. Bxe4 Qg4 23. Bf3 Qg3 24. Qe4 Nf5 25. Bf4 Qxh4 26. Qe6+ Kh8 27. Bxd6
Nxd6 28. Qxd6 Re8 29. g3 Qg5 30. Qf4 Qd8 31. Kg2 Rf8 32. Qg4 Qe7 33. Rh1 b6 34.
Qxg6 h6 35. Be4 Qxe4+ 36. Qxe4 1-0

[Event "18.Open Seefeld"]
[Site "Seefeld / Oesterreich"]
[Date "2007.09.03"]
[Round "3"]
[White "Gerhards, Walter"]
[Black "Kainrath, Florian"]
[Result "0-1"]
[WhiteElo "1947"]
[BlackElo "2061"]
[PlyCount "28"]
[EventDate "2007.09.01"]
[EventType "swiss"]
[EventRounds "9"]
[EventCountry "AUT"]

1. e4 c5 2. Nf3 Nc6 3. Nc3 e5 4. Bc4 Be7 5. O-O Nf6 6. d3 O-O 7. Bg5 d6 8. Bxf6
Bxf6 9. Nd5 g6 10. Nxf6+ Qxf6 11. Qd2 Rb8 12. Ne1 Nd4 13. f4 exf4 14. Rxf4 Qxf4
0-1

[Event "18.Open Seefeld"]
[Site "Seefeld / Oesterreich"]
[Date "2007.09.03"]
[Round "3"]
[White "Becking, Franz Josef"]
[Black "Titz, Waldemar"]
[Result "1-0"]
[WhiteElo "2049"]
[BlackElo "1819"]
[PlyCount "95"]
[EventDate "2007.09.01"]
[EventType "swiss"]
[EventRounds "9"]
[EventCountry "AUT"]

1. d4 Nf6 2. Nf3 d5 3. Bf4 e6 4. Ne5 Be7 5. e3 O-O 6. Bd3 Nbd7 7. Nd2 c5 8. c3
c4 9. Bc2 h6 10. Qe2 Nxe5 11. dxe5 Nh7 12. Qh5 Bg5 13. h4 Bxf4 14. exf4 f5 15.
exf6 Qxf6 16. g3 Bd7 17. O-O-O b5 18. Qg6 Qxg6 19. Bxg6 Nf6 20. Rhe1 a5 21. Nf3
Ra6 22. Ne5 Be8 23. f3 b4 24. g4 Nd7 25. Bxe8 Nxe5 26. Rxe5 Rxe8 27. Rdxd5 exd5
28. Rxe8+ Kf7 29. Rd8 Ke6 30. f5+ Ke5 31. h5 Kf4 32. Rd7 Kxf3 33. Rxg7 Ke2 34.
Rg6 Ra8 35. Rxh6 bxc3 36. bxc3 Kd3 37. Rd6 Kxc3 38. Rxd5 a4 39. f6 a3 40. f7
Rf8 41. Rf5 Kd4 42. g5 Ke4 43. Rf6 Ke5 44. Rf1 Ke6 45. g6 Ke7 46. Kc2 Rb8 47.
Re1+ Kf8 48. Re8+ 1-0

[Event "18.Open Seefeld"]
[Site "Seefeld / Oesterreich"]
[Date "2007.09.03"]
[Round "3"]
[White "Kiechl, Stefan"]
[Black "Pregl, Walter"]
[Result "0-1"]
[WhiteElo "1912"]
[BlackElo "2046"]
[PlyCount "54"]
[EventDate "2007.09.01"]
[EventType "swiss"]
[EventRounds "9"]
[EventCountry "AUT"]

1. d4 Nf6 2. c4 g6 3. Nc3 Bg7 4. e4 d6 5. Nf3 O-O 6. Be2 Nc6 7. O-O e5 8. d5
Ne7 9. Ne1 Nd7 10. Nd3 c5 11. a3 h6 12. b4 b6 13. Nb5 Nf6 14. f3 Nh5 15. Rb1 f5
16. g3 Nf6 17. Nc3 g5 18. Nf2 Ng6 19. exf5 Bxf5 20. Bd3 Ne7 21. Bxf5 Nxf5 22.
Ne2 Qd7 23. Ne4 Rae8 24. Qb3 Rf7 25. g4 Nxe4 26. fxe4 Nd4 27. Nxd4 Qxg4+ 0-1

[Event "18.Open Seefeld"]
[Site "Seefeld / Oesterreich"]
[Date "2007.09.03"]
[Round "3"]
[White "Helbig, Dieter"]
[Black "Pieper, Harald"]
[Result "1/2-1/2"]
[WhiteElo "1863"]
[BlackElo "2043"]
[PlyCount "123"]
[EventDate "2007.09.01"]
[EventType "swiss"]
[EventRounds "9"]
[EventCountry "AUT"]

1. c4 e6 2. Nc3 d5 3. cxd5 exd5 4. d4 Nf6 5. Nf3 c6 6. g3 Bd6 7. Bg2 Bf5 8. O-O
Nbd7 9. Nh4 Be6 10. e4 dxe4 11. Nxe4 Nxe4 12. Bxe4 Nf6 13. Bg5 Be7 14. Bf3 h6
15. Be3 Nd5 16. Ng2 O-O 17. a3 Qb6 18. Qd2 Nxe3 19. Nxe3 Bg5 20. h4 Bf6 21. d5
Rad8 22. Rab1 Rd7 23. Rfd1 cxd5 24. Bg4 Rfd8 25. Qe2 d4 26. Nc4 Bxg4 27. Qxg4
Qb3 28. Nd2 Qe6 29. Qf3 Rd5 30. Re1 Qf5 31. Qg2 Qd7 32. Ne4 Be7 33. b4 f5 34.
Nd2 Bf6 35. Rbc1 b6 36. Rc4 b5 37. Rcc1 d3 38. Rcd1 Bb2 39. Nb3 Bxa3 40. Nc5
Rxc5 41. bxc5 Bxc5 42. Re5 Bd4 43. Ree1 Bc3 44. Re3 b4 45. Rexd3 Qxd3 46. Rxd3
Rxd3 47. Qa8+ Kh7 48. Qc8 Rd5 49. g4 fxg4 50. Qxg4 Re5 51. Qc4 a5 52. Qd3+ Kg8
53. f4 Re1+ 54. Kf2 a4 55. Qd8+ Kh7 56. Qd3+ Kg8 57. Qd8+ Kf7 58. Qd7+ Re7 59.
Qxa4 Be1+ 60. Kf3 Bc3 61. Qb3+ Kf8 62. Qd5 1/2-1/2

[Event "18.Open Seefeld"]
[Site "Seefeld / Oesterreich"]
[Date "2007.09.03"]
[Round "3"]
[White "Nedelchev, Nikolai"]
[Black "Aigner, Georg"]
[Result "1-0"]
[WhiteElo "1980"]
[BlackElo "2033"]
[PlyCount "123"]
[EventDate "2007.09.01"]
[EventType "swiss"]
[EventRounds "9"]
[EventCountry "AUT"]

1. d4 Nf6 2. Nc3 d5 3. Bg5 h6 4. Bxf6 exf6 5. Qd2 Bb4 6. a3 Ba5 7. g3 O-O 8. b4
Bb6 9. Bg2 c6 10. Nf3 Re8 11. O-O Bc7 12. Rfe1 f5 13. e3 Nd7 14. Qd3 Nb6 15. a4
Be6 16. Reb1 Nc4 17. Nd2 Nd6 18. Nb3 Ne4 19. Nd1 h5 20. Nc5 b6 21. Nxe6 Rxe6
22. f3 Nd6 23. Nf2 h4 24. Nh1 Qg5 25. Kf2 Rae8 26. Re1 Nc4 27. e4 f4 28. g4 Ne3
29. h3 Qe7 30. exd5 cxd5 31. Kg1 Qxb4 32. Nf2 Qb2 33. Rab1 Qa2 34. Ra1 Qc4 35.
Qxc4 dxc4 36. Bf1 Nxf1 37. Kxf1 a6 38. Ne4 f6 39. d5 Re5 40. d6 Bb8 41. Rab1
Ba7 42. d7 Rd8 43. Rbd1 Kf8 44. Nc3 Kf7 45. Ne4 Ke7 46. Nd6 Rxe1+ 47. Kxe1 Rxd7
48. Nc8+ Kd8 49. Rxd7+ Kxd7 50. Nxa7 Kc7 51. Kd2 Kb7 52. Nb5 axb5 53. axb5 Kc7
54. Kc3 Kd6 55. Kxc4 Ke5 56. Kd3 g5 57. c4 f5 58. gxf5 Kxf5 59. c5 Ke6 60. cxb6
Kd6 61. Ke4 g4 62. fxg4 1-0

[Event "18.Open Seefeld"]
[Site "Seefeld / Oesterreich"]
[Date "2007.09.03"]
[Round "3"]
[White "Moes, Waldemar"]
[Black "Russ, Colin"]
[Result "0-1"]
[WhiteElo "2024"]
[BlackElo "1760"]
[PlyCount "92"]
[EventDate "2007.09.01"]
[EventType "swiss"]
[EventRounds "9"]
[EventCountry "AUT"]

1. d4 d5 2. Nf3 Nf6 3. Bg5 e6 4. e3 Be7 5. Bd3 O-O 6. Nbd2 Nbd7 7. O-O c5 8. c3
b6 9. Ne5 Nxe5 10. dxe5 Nd7 11. Bxe7 Qxe7 12. f4 c4 13. Bc2 f6 14. exf6 Nxf6
15. Nf3 g6 16. Qd4 Bd7 17. Ne5 Be8 18. Rad1 Qc5 19. g3 Nd7 20. Ng4 Qxd4 21.
Rxd4 Nf6 22. Ne5 Nd7 23. Nf3 Nf6 24. e4 Bc6 25. Ne5 Bb7 26. exd5 exd5 27. g4
Rae8 28. g5 Nh5 29. Ba4 Re7 30. Nc6 Re2 31. Rxd5 Bxc6 32. Bxc6 Nxf4 33. Rxf4
Rxf4 34. Rd8+ Kf7 35. Rd7+ Ke6 36. Rxh7 Rxb2 37. a4 Kd6 38. Bb5 Rff2 39. Rd7+
Ke6 40. Rd4 Rfc2 41. Bxc4+ Ke7 42. Rd1 Rxh2 43. Bd5 Rbd2 44. Re1+ Rde2 45.
Rxe2+ Rxe2 46. c4 Re5 0-1

[Event "18.Open Seefeld"]
[Site "Seefeld / Oesterreich"]
[Date "2007.09.03"]
[Round "3"]
[White "Stuch, Hans-Ferdinand"]
[Black "Kreusch, Frank"]
[Result "1-0"]
[WhiteElo "1602"]
[BlackElo "2022"]
[PlyCount "53"]
[EventDate "2007.09.01"]
[EventType "swiss"]
[EventRounds "9"]
[EventCountry "AUT"]

1. d4 Nf6 2. Nf3 g6 3. c4 Bg7 4. Nc3 d5 5. e3 O-O 6. Bd3 c5 7. O-O cxd4 8. exd4
dxc4 9. Bxc4 Nc6 10. h3 a6 11. Be3 Ne8 12. Qd2 Nd6 13. Bd3 Nb4 14. Be2 Nf5 15.
Rac1 Be6 16. a3 Nd5 17. Nxd5 Bxd5 18. Rc5 Rc8 19. Rfc1 Rxc5 20. Rxc5 Nxe3 21.
fxe3 Qd6 22. Qc2 Qe6 23. Rc3 Bh6 24. Kf2 f5 25. Ne5 f4 26. e4 Bc6 27. Bc4 1-0

[Event "18.Open Seefeld"]
[Site "Seefeld / Oesterreich"]
[Date "2007.09.03"]
[Round "3"]
[White "Schnegg, Daniel"]
[Black "Safdar, Mahmood"]
[Result "1-0"]
[WhiteElo "2012"]
[BlackElo "1660"]
[PlyCount "73"]
[EventDate "2007.09.01"]
[EventType "swiss"]
[EventRounds "9"]
[EventCountry "AUT"]

1. e4 e5 2. Nf3 Nc6 3. Bb5 a6 4. Ba4 Nf6 5. O-O b5 6. Bb3 Bc5 7. Re1 Ng4 8. d4
Be7 9. h3 Nh6 10. d5 Na5 11. Nxe5 d6 12. Nd3 c5 13. dxc6 Nxc6 14. Nc3 O-O 15.
Nd5 Kh8 16. N3b4 Ne5 17. Nxe7 Qxe7 18. Bd5 Ra7 19. Bxh6 gxh6 20. f4 Ng6 21. Nc6
Qc7 22. Qd4+ f6 23. Qxa7 Bb7 24. Nd4 Rb8 25. Bxb7 Rxb7 26. Qa8+ Rb8 27. Qd5 Rg8
28. Qf5 Qd8 29. Re2 Nh4 30. Qh5 Ng6 31. Rf1 Qb6 32. c3 b4 33. Qxh6 a5 34. f5
Ne5 35. Qxf6+ Rg7 36. Kh1 Nd7 37. Qe6 1-0

[Event "18.Open Seefeld"]
[Site "Seefeld / Oesterreich"]
[Date "2007.09.03"]
[Round "3"]
[White "Diakov, Georgi"]
[Black "Willin, Bernhard"]
[Result "0-1"]
[WhiteElo "1422"]
[BlackElo "2002"]
[PlyCount "50"]
[EventDate "2007.09.01"]
[EventType "swiss"]
[EventRounds "9"]
[EventCountry "AUT"]

1. e4 c5 2. Nf3 d6 3. d4 cxd4 4. Nxd4 Nf6 5. Nc3 a6 6. Be3 e6 7. f4 Qc7 8. Qf3
b5 9. h3 Bb7 10. Bd3 Nbd7 11. Nb3 Be7 12. g4 Nc5 13. Nxc5 dxc5 14. g5 Nd7 15.
Rd1 c4 16. Bf1 Nc5 17. Bd4 O-O 18. b4 cxb3 19. cxb3 Rad8 20. Bxc5 Qxc5 21. Rh2
Rxd1+ 22. Nxd1 Qb4+ 23. Nc3 Rc8 24. Kd2 Bxe4 25. Qxe4 Qxc3+ 0-1

[Event "18.Open Seefeld"]
[Site "Seefeld / Oesterreich"]
[Date "2007.09.03"]
[Round "3"]
[White "Staninski, Borislav"]
[Black "Wittelsberger, Helmut"]
[Result "1-0"]
[WhiteElo "1663"]
[BlackElo "1996"]
[PlyCount "98"]
[EventDate "2007.09.01"]
[EventType "swiss"]
[EventRounds "9"]
[EventCountry "AUT"]

1. e4 c5 2. Nf3 d6 3. d4 cxd4 4. Nxd4 Nf6 5. Nc3 g6 6. Bc4 Bg7 7. f3 Nc6 8. Be3
O-O 9. Qd2 Bd7 10. Bb3 a6 11. O-O-O Na5 12. h4 Nxb3+ 13. Nxb3 h5 14. Bh6 Be6
15. Bxg7 Kxg7 16. Nd5 Bxd5 17. exd5 Rc8 18. g4 Qd7 19. gxh5 Nxh5 20. Rhg1 Qf5
21. Rde1 Rxc2+ 22. Qxc2 Rc8 23. Qxc8 Qxc8+ 24. Kb1 Qf5+ 25. Ka1 Kf6 26. Nd2
Qxd5 27. Ne4+ Kg7 28. Ng5 e6 29. Rd1 Qc5 30. Rc1 Qb6 31. Rg2 Nf4 32. Rgc2 Nd5
33. a3 Qd4 34. Ne4 Qb6 35. Rc8 Qe3 36. Nxd6 Kf6 37. Ne4+ Kg7 38. Nd6 Qxf3 39.
Rb8 Qf4 40. Ne8+ Kh6 41. Rcc8 Qxh4 42. Nd6 Qe1+ 43. Ka2 Qf2 44. Rxb7 Qd4 45.
Nxf7+ Kh5 46. Rb3 Kg4 47. Nh6+ Kg5 48. Nf7+ Kg4 49. Rc2 Qe4 1-0